Elige tus metas
-д хадгалсан:
| Үндсэн зохиолч: | |
|---|---|
| Формат: | Ном |
| Хэл сонгох: | испани |
| Хэвлэсэн: |
Santiago
Galdoc
1997
|
| Цуврал: | El ABC del Exito
|
| Нөхцлүүд: | |
| Шошгууд: |
Шошго нэмэх
Шошго байхгүй, Энэхүү баримтыг шошголох эхний хүн болох!
|
MARC
| LEADER | 00000nam a2200000 a 4500 | ||
|---|---|---|---|
| 001 | UCM9964 | ||
| 003 | CL-VaPUC | ||
| 008 | 030530e19970000CL |||||||||||||||||spa|d | ||
| 082 | 0 | 4 | |a 158.1 |b AGU |2 21 |
| 100 | 0 | |a Aguilar Kubli, Eduardo |e author |9 476647 | |
| 245 | 1 | 0 | |a Elige tus metas |
| 300 | |a 115 p | ||
| 942 | |c BK | ||
| 945 | |d 20030530 00:00:00 |a cmena | ||
| 260 | |a Santiago |b Galdoc |c 1997 | ||
| 650 | 0 | |a Autoestima |9 308492 | |
| 650 | 0 | |a Desarrollo Personal |9 390751 | |
| 650 | 0 | |a Desarrollo individual |9 307875 | |
| 583 | |a last modification |c 20030530 00:00:00 |k Rodrigo Vera | ||
| 490 | 0 | |a El ABC del Exito | |
| 999 | |c 304032 |d 304030 | ||
| 952 | |0 0 |1 0 |4 0 |6 158_100000000000000_AGU_1997 |7 0 |8 A |9 365776 |a BIBEDU |b BIBEDU |d 2019-11-21 |i 3907538 |o 158.1 AGU 1997 |p 3907538 |r 2019-11-21 |w 2019-11-21 |y BK |k EPE | ||